000 00691nam a2200241Ia 4500
003 OSt
005 20220927104942.0
006 a|||||r|||| 00| 0
007 ta
008 220926b |||||||| |||| 00| 0 eng d
024 _a187536
037 _cReference Collections
040 _aRTL
_cRTL
_beng
041 _2eng
_aeng
082 _a"X5.2.N44r, H5"
110 _aINDIAN MERCHANT CHAMBER
_9368753
245 0 _a"Annual report, 1944"
260 _aBombay
_bIndian Merchant Chamber
_c1945
300 _a"xxxvi, 455p"
_ccm.
700 _aINDIAN MERCHANT CHAMBER
_9368754
942 _h"X5.2.N44r, H5"
_cCC
999 _c689673
_d689673